Meistertrainer der Bundesliga - Statistiken

Allgemein
  • Dieses Quiz wurde 155 mal gespielt
    27 seit der letzten Aktualisierung
  • Das Durchschnittsergebnis liegt bei 21 aus 31
Antwortstatistiken
Trainer % Korrekt
Jupp Heynckes
100%
Niko Kovac
100%
Pep Guardiola
100%
Xabi Alonso
100%
Carlo Ancelotti
96%
Felix Magath
96%
Hansi Flick
96%
Julian Nagelsmann
96%
Jürgen Klopp
96%
Thomas Tuchel
96%
Vincent Kompany
96%
Louis van Gaal
92%
Ottmar Hitzfeld
92%
Thomas Schaaf
88%
Otto Rehhagel
83%
Udo Lattek
75%
Matthias Sammer
71%
Franz Beckenbauer
67%
Armin Veh
63%
Giovanni Trapattoni
63%
Ernst Happel
50%
Hannes Weisweiler
50%
Christoph Daum
46%
Max Merkel
33%
Branko Zebec
29%
Karl-Heinz Feldkamp
25%
Pal Csernai
25%
Helmut Benthaus
21%
Helmuth Johannsen
17%
Willi Multhaup
17%
Georg Knöpfle
13%
Keine übereinstimmenden Quizze gefunden
Verteilung der Resultate
Anzahl Personen mit jedem Resultat
Perzentil nach korrekt beantworteten Fragen
Ihre Resultats-Entwicklung
Sie haben dieses Quiz seit der letzten Aktualisierung nicht gespielt